000 00673nam a2200241Ia 4500
003 OSt
005 20220924134333.0
006 a|||||r|||| 00| 0
007 ta
008 220923b |||||||| |||| 00| 0 urd d
020 _c170
024 _a273525
037 _b5534/9, 06/03/2009, Modern Publishing House
_cTextual
040 _aARTS
_cARTS
_burd
041 _2urd
_aurd
082 _aO168:g'N, N7
100 _aQasmi Abul Kalam
245 0 _aTanqeedi rawayyay
260 _c2007
650 _aURDU LITERATURE
942 _hO168:g'N, N7
_cTEXL
_2CC
999 _c437087
_d437087